Rubber Based Bionanocomposites Preparation /

Leading researchers from industry, academy, government and private research institutions across the globe have contributed to this book, which presents all types of rubber blend composites based on biomaterials as well as nanocomposites. It discusses the fundamental preparation methods of these mate...

Full description

Bibliographic Details
Corporate Author: SpringerLink (Online service)
Other Authors: Visakh P. M. (Editor)
Format: Electronic eBook
Language:English
Published: Cham : Springer International Publishing : Imprint: Springer, 2017.
Series:Advanced Structured Materials, 56
Subjects:
Online Access:Full Text via HEAL-Link
LEADER 02658nam a22005535i 4500
001 978-3-319-48806-6
003 DE-He213
005 20170315133027.0
007 cr nn 008mamaa
008 170315s2017 gw | s |||| 0|eng d
020 |a 9783319488066  |9 978-3-319-48806-6 
024 7 |a 10.1007/978-3-319-48806-6  |2 doi 
040 |d GrThAP 
050 4 |a TP807-823 
050 4 |a TA418.9.C6 
072 7 |a TDCQ  |2 bicssc 
072 7 |a TEC021000  |2 bisacsh 
082 0 4 |a 620.14  |2 23 
245 1 0 |a Rubber Based Bionanocomposites  |h [electronic resource] :  |b Preparation /  |c edited by Visakh P. M. 
264 1 |a Cham :  |b Springer International Publishing :  |b Imprint: Springer,  |c 2017. 
300 |a VII, 216 p. 95 illus., 37 illus. in color.  |b online resource. 
336 |a text  |b txt  |2 rdacontent 
337 |a computer  |b c  |2 rdamedia 
338 |a online resource  |b cr  |2 rdacarrier 
347 |a text file  |b PDF  |2 rda 
490 1 |a Advanced Structured Materials,  |x 1869-8433 ;  |v 56 
505 0 |a Rubber based Bionanocomposites: Preparation State of Art -- Cellulose based Rubber Nanocomposites -- Cellulose in rubber based blends and micro composites -- Chitin based Rubber Nanocomposites -- Chitin based Rubber Nanocomposites -- Starch based rubber nanocomposites -- Starch in rubber based blends and micro composites. 
520 |a Leading researchers from industry, academy, government and private research institutions across the globe have contributed to this book, which presents all types of rubber blend composites based on biomaterials as well as nanocomposites. It discusses the fundamental preparation methods of these materials and summarizes many of the latest technical research advances, offering an essential guide for academics, researchers, scientists, engineers and students alike. . 
650 0 |a Materials science. 
650 0 |a Bioorganic chemistry. 
650 0 |a Nanotechnology. 
650 0 |a Biomaterials. 
650 0 |a Ceramics. 
650 0 |a Glass. 
650 0 |a Composites (Materials). 
650 0 |a Composite materials. 
650 1 4 |a Materials Science. 
650 2 4 |a Ceramics, Glass, Composites, Natural Materials. 
650 2 4 |a Nanotechnology and Microengineering. 
650 2 4 |a Bioorganic Chemistry. 
650 2 4 |a Biomaterials. 
700 1 |a Visakh P. M.  |e editor. 
710 2 |a SpringerLink (Online service) 
773 0 |t Springer eBooks 
776 0 8 |i Printed edition:  |z 9783319488042 
830 0 |a Advanced Structured Materials,  |x 1869-8433 ;  |v 56 
856 4 0 |u http://dx.doi.org/10.1007/978-3-319-48806-6  |z Full Text via HEAL-Link 
912 |a ZDB-2-CMS 
950 |a Chemistry and Materials Science (Springer-11644)